ბათუმის შოთა რუსთაველის სახელმწიფო უნივერსიტეტის ბიბლიოთეკა

Таблицы неопределенных интегралов (ბიბ.ჩანაწერი № 48046)

000 -LEADER
fixed length control field 00619nam a2200205Ia 4500
001 - CONTROL NUMBER
control field 14926
003 - CONTROL NUMBER IDENTIFIER
control field GE_BSU
008 - FIXED-LENGTH DATA ELEMENTS--GENERAL INFORMATION
fixed length control field 181216s||||||||xx |||||||||||||| ||und||
040 ## - CATALOGING SOURCE
Transcribing agency GE_BSU
080 ## - UNIVERSAL DECIMAL CLASSIFICATION NUMBER
Universal Decimal Classification number 519.6(083.4)
100 ## - MAIN ENTRY--PERSONAL NAME
Personal name Брычков,Ю.А. Маричев,О.И. Прудников,А.П.
245 ## - TITLE STATEMENT
Title Таблицы неопределенных интегралов
245 ## - TITLE STATEMENT
Statement of responsibility, etc. Ред.В.А.Смирнов
260 ## - PUBLICATION, DISTRIBUTION, ETC.
Place of publication, distribution, etc. Москва
260 ## - PUBLICATION, DISTRIBUTION, ETC.
Name of publisher, distributor, etc. Наука
260 ## - PUBLICATION, DISTRIBUTION, ETC.
Date of publication, distribution, etc. 1986
300 ## - PHYSICAL DESCRIPTION
Extent 192стр.22см.
653 ## - INDEX TERM--UNCONTROLLED
Uncontrolled term Таблицы неопределенных интегралов
942 ## - ADDED ENTRY ELEMENTS (KOHA)
Koha item type წიგნი
ეგზემპლარები
Withdrawn status Lost status Damaged status Not for loan Date acquired Barcode Date last seen Price effective from Koha item type
        2018-12-17 18148 2018-12-17 2018-12-17 წიგნი
        2018-12-17 15522 2018-12-17 2018-12-17 წიგნი
        2018-12-17 15288 2018-12-17 2018-12-17 წიგნი